Экспериментальное симулирование катагенетического преобразования органического вещества баженовской свиты при гидротермальном воздействии; Проблемы геологии и освоения недр; Т. 2

Bibliografiske detaljer
Parent link:Проблемы геологии и освоения недр: труды XXI Международного симпозиума имени академика М. А. Усова студентов и молодых ученых, посвященного 130-летию со дня рождения профессора М. И. Кучина, Томск, 3-7 апреля 2017 г./ Национальный исследовательский Томский политехнический университет (ТПУ), Институт природных ресурсов (ИПР) ; под ред. А. С. Боева.— , 2017
Т. 2.— 2017.— [С. 319-320]
Hovedforfatter: Калмыков А. Г.
Institution som forfatter: Московский государственный университет им. М. В. Ломоносова (МГУ)
Andre forfattere: Бугаев И. А. (научный руководитель), Бычков А. Ю.
Summary:Заглавие с экрана
Sprog:russisk
Udgivet: 2017
Serier:Современные технологии подготовки и переработки природных ресурсов. Химическая технология подготовки и переработки горючих ископаемых
Fag:
Online adgang:http://earchive.tpu.ru/handle/11683/45075
Format: MixedMaterials Electronisk Book Chapter
KOHA link:https://koha.lib.tpu.ru/cgi-bin/koha/opac-detail.pl?biblionumber=625089

MARC

LEADER 00000naa2a2200000 4500
001 625089
005 20240514121850.0
035 |a (RuTPU)RU\TPU\conf\24349 
035 |a RU\TPU\conf\24348 
090 |a 625089 
100 |a 20171206d2017 k y0rusy50 ca 
101 0 |a rus 
102 |a RU 
105 |a y z 100zy 
135 |a drcn ---uucaa 
181 0 |a i  
182 0 |a b 
200 1 |a Экспериментальное симулирование катагенетического преобразования органического вещества баженовской свиты при гидротермальном воздействии  |f А. Г. Калмыков, И. А. Бугаев  |g науч. рук. А. Ю. Бычков 
203 |a Текст  |c электронный 
225 1 |a Современные технологии подготовки и переработки природных ресурсов. Химическая технология подготовки и переработки горючих ископаемых 
300 |a Заглавие с экрана 
461 1 |0 (RuTPU)RU\TPU\conf\21932  |t Проблемы геологии и освоения недр  |o труды XXI Международного симпозиума имени академика М. А. Усова студентов и молодых ученых, посвященного 130-летию со дня рождения профессора М. И. Кучина, Томск, 3-7 апреля 2017 г.  |o в 2 т.  |f Национальный исследовательский Томский политехнический университет (ТПУ), Институт природных ресурсов (ИПР) ; под ред. А. С. Боева  |d 2017 
463 1 |0 (RuTPU)RU\TPU\conf\21938  |t Т. 2  |v [С. 319-320]  |d 2017 
610 1 |a электронный ресурс 
610 1 |a преобразования 
610 1 |a органические вещества 
610 1 |a баженовская свита 
610 1 |a гидротермальные воздействия 
610 1 |a керогены 
610 1 |a нефти 
610 1 |a добыча 
700 1 |a Калмыков  |b А. Г. 
701 1 |a Бугаев  |b И. А. 
702 1 |a Бычков  |b А. Ю.  |4 727 
712 0 2 |a Московский государственный университет им. М. В. Ломоносова (МГУ)  |3 (RuTPU)RU\TPU\col\7 
801 2 |a RU  |b 63413507  |c 20171212  |g RCR 
856 4 |u http://earchive.tpu.ru/handle/11683/45075 
942 |c BK